Statistiche per Città Più Popolose *Difficile*

Clicka qui per fare il quiz!

Statistiche generali

  • Questo quiz è stato fatto 23 volte
  • Il punteggio medio è 9 su 20

Risposte nella Mappa

Le risposte nella mappa del quiz sottostante sono codificate secondo una scala di colori dal rosso al verde in base alla % di persone che hanno risposto correttamente.
 

Statistiche sulle risposte

RegionCity% Corretto
CampaniaGiugliano in Campania
67%
SiciliaMarsala
67%
LiguriaSanremo
67%
LombardiaBusto Arsizio
61%
SardegnaQuartu Sant'Elena
61%
LazioGuidonia Montecelio
56%
ToscanaViareggio
56%
Trentino-Alto AdigeMerano
50%
PugliaAltamura
44%
Emilia-RomagnaCesena
44%
MarcheFano
44%
MoliseTermoli
44%
VenetoChioggia
39%
PiemonteMoncalieri
39%
Friuli-Venezia GiuliaMonfalcone
39%
CalabriaCorigliano-Rossano
33%
UmbriaFoligno
33%
Valle D’AostaSarre
22%
AbruzzoMontesilvano
17%
BasilicataPolicoro
11%

Distribuzione punteggi

Percentile per numero di risposta

Percentuale di utenti per punteggio

I tuoi punteggi nel tempo

Non hai fatto questo quiz